[Event "Bunratty Online"]
[Site "Chess.com INT"]
[Date "2021.02.20"]
[Round "2"]
[White "O'Cuilleanain, Oisin"]
[Black "Kirby, Con"]
[Result "1-0"]
[WhiteElo "1669"]
[BlackElo "1722"]
[PlyCount "49"]
[EventDate "2021.02.20"]
[EventType "swiss (blitz)"]
[EventRounds "9"]
[EventCountry "IRL"]
[SourceTitle "CBM 200 Extra"]
[Source "ChessBase"]
[SourceDate "2021.03.31"]
[SourceVersion "1"]
[SourceVersionDate "2021.03.31"]
[SourceQuality "1"]

1. d4 Nf6 2. c4 g6 3. Nc3 Bg7 4. e4 d6 5. Nf3 0-0 6. Be2 Nc6 7. d5 Ne5 8. Nxe5 dxe5 9. 0-0 c6 10. Be3 cxd5 11. cxd5 e6 12. dxe6 Bxe6 13. Qa4 Qe7 14. Rfd1 a6 15. Qa5 Ng4 16. Bc5 Qh4 17. h3 b6 18. Bxb6 Nf6 19. Nd5 Nxe4 20. Qa4 f5 21. Nc7 Bf7 22. Nxa8 Rxa8 23. f3 Ng3 24. Qxh4 Nxe2+ 25. Kh1 1-0

[Event "Robinson Cup U14"]
[Site "Dundalk"]
[Date "2019.07.23"]
[Round "3.7"]
[White "Kirby, Con"]
[Black "Bottazzi, Ulysse"]
[Result "0-1"]
[WhiteElo "1597"]
[BlackElo "2041"]
[PlyCount "110"]
[EventDate "2019.07.22"]
[EventType "team-tourn"]
[EventRounds "5"]
[EventCountry "IRL"]
[SourceTitle "EXT 2022"]
[Source "ChessBase"]
[SourceDate "2021.10.06"]
[SourceVersion "1"]
[SourceVersionDate "2021.10.06"]
[SourceQuality "1"]
[WhiteTeam "Ireland (U14)"]
[BlackTeam "France (U14)"]
[WhiteTeamCountry "IRL"]
[BlackTeamCountry "FRA"]

1. e4 c5 2. Nf3 d6 3. d4 cxd4 4. Nxd4 Nf6 5. Nc3 a6 6. Bc4 e6 7. Bb3 Nbd7 8. Bg5 Nc5 9. Qe2 Be7 10. 0-0-0 Qc7 11. Kb1 0-0 12. h4 b5 13. f3 Bd7 14. Qd2 b4 15. Nce2 a5 16. Ng3 a4 17. Bc4 Rfc8 18. Bb5 Rab8 19. Bxd7 Ncxd7 20. Rc1 Ne5 21. b3 Qa5 22. Nge2 Ned7 23. g4 Nc5 24. Be3 Qa6 25. h5 axb3 26. cxb3 Bf8 27. g5 Nfd7 28. g6 Qd3+ 29. Qxd3 Nxd3 30. gxf7+ Kxf7 31. Rxc8 Rxc8 32. Rd1 N3e5 33. f4 Ng4 34. Bg1 Ngf6 35. Ng3 Nc5 36. Rc1 Re8 37. Nc6 Ncxe4 38. Nxe4 Nxe4 39. Nxb4 d5 40. Rc7+ Kf6 41. Bd4+ Kf5 42. Bxg7 Bxb4 43. Be5 Re7 44. Rc2 Bd6 45. a4 Bxe5 46. fxe5 d4 47. Rg2 Kxe5 48. Kc2 Rc7+ 49. Kb2 d3 50. a5 d2 51. Rg1 Nf2 52. a6 Nd3+ 53. Kb1 Rc1+ 54. Rxc1 dxc1Q+ 55. Ka2 Nb4# 0-1

[Event "EU-ch U12 28th"]
[Site "Riga"]
[Date "2018.08.21"]
[Round "2"]
[White "Nareks, Matic"]
[Black "Kirby, Con"]
[Result "1-0"]
[WhiteElo "1792"]
[BlackElo "1527"]
[PlyCount "120"]
[EventDate "2018.08.20"]
[EventType "swiss"]
[EventRounds "9"]
[EventCountry "LAT"]
[SourceTitle "CBM 186 Extra"]
[Source "ChessBase"]
[SourceDate "2018.08.24"]
[SourceVersion "1"]
[SourceVersionDate "2018.08.24"]
[SourceQuality "1"]

1. e4 c5 2. Nf3 Nc6 3. d4 cxd4 4. Nxd4 g6 5. c4 Bg7 6. Be3 Nf6 7. Nc3 0-0 8. Be2 d6 9. 0-0 Ne5 10. f3 Bd7 11. Rc1 Rc8 12. Qb3 Qa5 13. a3 a6 14. Qa2 e6 15. b4 Qc7 16. Nb1 Nc6 17. Nb3 Ne5 18. Rfd1 Rfd8 19. Bf1 b6 20. Qf2 Rb8 21. b5 a5 22. h3 Ne8 23. f4 a4 24. Nd4 f5 25. fxe5 dxe5 26. Nc2 fxe4 27. Nb4 Qa7 28. Nc3 Bf8 29. Na6 Rb7 30. Nxa4 Bxa3 31. Ra1 Be7 32. Bxb6 Rxb6 33. Qxb6 Qxb6+ 34. Nxb6 Nf6 35. Nxd7 Rxd7 36. Rxd7 Nxd7 37. Nc7 Bc5+ 38. Kh2 Kf7 39. Ra6 Nb6 40. Na8 Nd7 41. b6 e3 42. b7 Ke7 43. Nb6 Bxb6 44. Rxb6 Nb8 45. Kg3 e4 46. Kf4 Kd7 47. Kxe3 Kc7 48. Rb2 Kd6 49. Kxe4 e5 50. g4 h6 51. h4 h5 52. gxh5 gxh5 53. Rb5 Kc7 54. Kxe5 Nc6+ 55. Kf6 Kb8 56. Bg2 Nd8 57. Rxh5 Nxb7 58. Rb5 Kc7 59. Rxb7+ Kd8 60. Bh3 Ke8 1-0

[Event "EU-ch U12 27th"]
[Site "Mamaia"]
[Date "2017.09.07"]
[Round "3"]
[White "Kirby, Con"]
[Black "Mihalcescu, Alexandru"]
[Result "1-0"]
[WhiteElo "1284"]
[BlackElo "1533"]
[PlyCount "47"]
[EventDate "2017.09.05"]
[EventType "swiss"]
[EventRounds "9"]
[EventCountry "ROU"]
[SourceTitle "CBM 180 Extra"]
[Source "ChessBase"]
[SourceDate "2017.10.06"]
[SourceVersion "1"]
[SourceVersionDate "2017.10.06"]
[SourceQuality "1"]

1. e4 c5 2. Nf3 d6 3. d4 cxd4 4. Nxd4 Nf6 5. Nc3 a6 6. Bc4 Qc7 7. Bb3 e6 8. Bg5 Be7 9. f4 0-0 10. Qf3 h6 11. Bh4 Nc6 12. 0-0-0 Nxd4 13. Rxd4 b5 14. g4 e5 15. Rd2 Bxg4 16. Qg3 exf4 17. Qxf4 b4 18. Bxf6 bxc3 19. Bxc3 Be6 20. Qg4 Bg5 21. h4 Bxd2+ 22. Kxd2 g6 23. Bxe6 Rae8 24. Qxg6# 1-0